000 00796nam a2200229 a 4500
005 20140310183312.0
008 051017s19uu xx 00 eng d
020 _a9780789019172
050 _aG 155.A1
_b.Sa25 2003
245 _aSafety and security in tourism :
_brelationships, management, and marketing /
_cedited by C. Michael Hall, Dallen J. Timothy and David Timothy Duval.
260 _aBinghamton, N.Y :
_bThe Haworth Hospitality Press,
_c2003.
300 _a340 p. :
_c23 cm.
521 _aTOU
650 _aTourism
_xSocial aspects.
650 _aTravel
_xSafety measures.
650 _aTerrorim
_xPsychological aspects.
700 _aHall, C. Michael, ed.
700 _aTimothy, DallenJ., ed.
700 _aDuval, David Timothy, ed.
942 _cBK
_2lcc
_kFOR
999 _c21197
_d21197